000 00587nam a22002297a 4500
008 141216b xxu||||| |||| 00| 0 eng d
020 _a978-81-7473-428-0
041 _aEng
082 _a808.066
_bSr38s
100 _aSrivastav, Hariom
245 _aA study of professional communication
260 _aDelhi:
_bAI.T.B. Publisher
_c2009
300 _aviii,114p.
650 _aLiterature
650 _aTechnical writing
650 _aDevelopment
650 _aWriting
650 _aCommunication
653 _aTechical communication
653 _aPhrase
942 _2ddc
_cGEN
999 _c74252
_d74241